1118 1381 1037 1773 1062 1334 1675 1902 1092 1868 1993 1042 1493 1485 1357 1456 1305 1883 1507 1265 1247 1005 1059 1852 1252 1630 1992 1340 1698 1557 1334 1531 1851 1983 1069 1927 1848 1238 1840 1058 1810 1336 1361 1285 1502 1113 1857 1476 1058 1065 1706 1446 1925 1460 1774 1856 1207 1384 1868 1627 1512 1206 1386 1075 1140 1574 1132 1400 1703 1821 1379 1059 1868 1155 1113 1106 1524 1994 1995 1355 1209 1982 1949 1398 1242 1128 1895 1208 1632 1498 1146 1370 1917 1581 1433 1046 1865 1985 1410 BCNSPRNW ULIB Ver.6.0+V

เปลี่ยนเป็นภาษาไทย

Change to English
 แสดงรายละเอียดบรรณานุกรม
  กลับหน้าหลัก

Brief Record : Get Marc (ISO 2709) : E-mail record : QR code < ปิดหน้าต่าง
LEADER : 00000nam 2200000uu 4500
001    13399107776
003     ULIB
008    110203s2551||||th 000 0 tha d
020    9789741109500(ล.1)
060  4 QS4^bว491R ล.1 2551
110 1  ศิริราชพยาบาล^bคณะแพทย์ศาสตร์
245 00 Regional anatomy for medical student book 1 /^cวาสนา พลากรกุล และคณะ
250    พิมพ์ครั้งที่ 1
260    กรุงเทพฯ:^bบริษัท ศิริวัฒนาอินเตอร์พริ้น จำกัด,^c2551
300    596 หน้า:^bภาพประกอบ
650  7 กายวิภาคศาสตร์
700 0  วาสนา พลากรกุล,^eบรรณาธิการ
710 1  ศิริราชพยาบาล^bคณะแพทย์ศาสตร์
945    ^p890^l0^i025623
995    ทศพร
999 ^a ใช้งานได้ทุกระบบ
รายการนี้ยังไม่มีแท็ก
คุณยังไม่ได้ล็อกอิน คุณสามารถมีกิจกรรมร่วมกับเว็บไซต์ได้ แต่ต้องล็อกอินก่อน ::
  ล็อกอิน

รายการสื่อสารสนเทศ

ลำดับที่ ประเภท เลขเรียก/บาร์โค้ด สถานที่ สถานะ
- ไม่พบข้อมูล -

รายการใกล้เคียง
    หัวเรื่อง [กายวิภาคศาสตร์]

BibComment


ยังไม่เคยถูกคอมเมนท์

คอมเมนท์ทรัพยากรรายการนี้
  คอมเมนท์: Regional anatomy ..


 Copyright 2026. Bcnsprnw @Library